|
|
|
|
| LEADER |
00000cam a22000004a 4500 |
| 001 |
musev2_347 |
| 003 |
MdBmJHUP |
| 005 |
20230905040052.0 |
| 006 |
m o d |
| 007 |
cr||||||||nn|n |
| 008 |
040816s2005 txu o 00 0 eng d |
| 010 |
|
|
|z 2004019329
|
| 020 |
|
|
|a 9781603446013
|
| 020 |
|
|
|z 1585444065
|
| 020 |
|
|
|z 160344601X
|
| 020 |
|
|
|z 9781585444069
|
| 035 |
|
|
|a (OCoLC)826660279
|
| 040 |
|
|
|a MdBmJHUP
|c MdBmJHUP
|
| 043 |
|
|
|a n-us---
|a ew-----
|
| 050 |
0 |
4 |
|a D769.335 1291st
|b .O24 2005
|
| 082 |
0 |
|
|a 940.54/8373/092
|2 22
|
| 100 |
1 |
|
|a Obermayer, Herman J.
|
| 245 |
1 |
0 |
|a Soldiering for Freedom :
|b A GI's Account of World War II /
|c Herman J. Obermayer.
|
| 264 |
|
1 |
|a College Station :
|b Texas A&M University Press,
|c 2005.
|
| 264 |
|
3 |
|a Baltimore, Md. :
|b Project MUSE,
|c 2011
|
| 264 |
|
4 |
|c ©2005.
|
| 300 |
|
|
|a 1 online resource (344 pages):
|b ill., photos ;
|
| 336 |
|
|
|a text
|b txt
|2 rdacontent
|
| 337 |
|
|
|a computer
|b c
|2 rdamedia
|
| 338 |
|
|
|a online resource
|b cr
|2 rdacarrier
|
| 490 |
0 |
|
|a Texas A&M University military history series ;
|v no. 98
|
| 500 |
|
|
|a Includes index.
|
| 588 |
|
|
|a Description based on print version record.
|
| 600 |
1 |
0 |
|a Obermayer, Julia
|v Correspondence.
|
| 600 |
1 |
0 |
|a Obermayer, Leon
|v Correspondence.
|
| 600 |
1 |
0 |
|a Obermayer, Herman J.
|v Correspondence.
|
| 610 |
2 |
0 |
|a Army Specialized Training Program (U.S.)
|
| 610 |
1 |
0 |
|a United States.
|b Army.
|b Combat Engineer Battalion, 1291st.
|
| 650 |
|
0 |
|a Military engineers
|z United States
|v Correspondence.
|
| 650 |
|
0 |
|a World War, 1939-1945
|z Western Front.
|
| 650 |
|
0 |
|a World War, 1939-1945
|v Personal narratives, American.
|
| 650 |
|
0 |
|a World War, 1939-1945
|x Regimental histories
|z United States.
|
| 655 |
|
7 |
|a Electronic books.
|2 local
|
| 710 |
2 |
|
|a Project Muse.
|e distributor
|
| 830 |
|
0 |
|a Texas A & M University military history series ;
|v 98.
|
| 830 |
|
0 |
|a Book collections on Project MUSE.
|
| 856 |
4 |
0 |
|z Texto completo
|u https://projectmuse.uam.elogim.com/book/347/
|
| 945 |
|
|
|a Project MUSE - Custom Collection
|
| 945 |
|
|
|a Project MUSE - Archive Complete Foundation
|
| 945 |
|
|
|a Project MUSE - Archive History Foundation
|